BRAC University journal. (Record no. 43545)

MARC details
000 -LEADER
fixed length control field 00833cas a2200313 a 4500
001 - CONTROL NUMBER
control field 14235085
005 - DATE AND TIME OF LATEST TRANSACTION
control field 20140714112852.0
008 - FIXED-LENGTH DATA ELEMENTS--GENERAL INFORMATION
fixed length control field 060118c20049999bg fr s0 0eng
010 ## - LIBRARY OF CONGRESS CONTROL NUMBER
LC control number 2005389751
022 ## - INTERNATIONAL STANDARD SERIAL NUMBER
International Standard Serial Number 1811-3079
025 ## - OVERSEAS ACQUISITION NUMBER
Overseas acquisition number B-2005-389751-S; 22
035 ## - SYSTEM CONTROL NUMBER
System control number (OCoLC)ocm63084169
040 ## - CATALOGING SOURCE
Original cataloging agency DLC
Transcribing agency DLC
Modifying agency DLC
-- OCoLC
042 ## - AUTHENTICATION CODE
Authentication code pcc
043 ## - GEOGRAPHIC AREA CODE
Geographic area code a-bg---
050 00 - LIBRARY OF CONGRESS CALL NUMBER
Classification number DS393
Item number .B73
245 00 - TITLE STATEMENT
Title BRAC University journal.
260 ## - PUBLICATION, DISTRIBUTION, ETC. (IMPRINT)
Place of publication, distribution, etc. Dhaka :
Name of publisher, distributor, etc. BRAC University,
Date of publication, distribution, etc. 2004-
300 ## - PHYSICAL DESCRIPTION
Extent v. :
Other physical details ill. ;
Dimensions 28 cm.
310 ## - CURRENT PUBLICATION FREQUENCY
Current publication frequency Semiannual
362 0# - DATES OF PUBLICATION AND/OR SEQUENTIAL DESIGNATION
Dates of publication and/or sequential designation Vol. 1, no. 1 (2004)-
530 ## - ADDITIONAL PHYSICAL FORM AVAILABLE NOTE
Additional physical form available note Also issued online.
650 #0 - SUBJECT ADDED ENTRY--TOPICAL TERM
Topical term or geographic name as entry element Bangladesh
Form subdivision Periodicals.
710 2# - ADDED ENTRY--CORPORATE NAME
Corporate name or jurisdiction name as entry element BRAC University.
906 ## - LOCAL DATA ELEMENT F, LDF (RLIN)
a 7
b cbc
c serials
d 2
e ncip
f 20
g n-oclcserc
942 ## - ADDED ENTRY ELEMENTS (KOHA)
Source of classification or shelving scheme Library of Congress Classification
Koha item type Serials
Serial record 1
Holdings
Withdrawn status Lost status Source of classification or shelving scheme Damaged status Use restrictions Not for loan Collection code Home library Current library Shelving location Date acquired Total Checkouts Date last seen Price effective from Koha item type
    Library of Congress Classification   Restricted Access Not For Loan Non-fiction Bishop Okullu Memorial Library (Limuru Campus) Bishop Okullu Memorial Library (Limuru Campus) Periodicals Section 14/07/2014   14/07/2014 14/07/2014 Serials